Intermediate algebra / (Record no. 182313)
[ view plain ]
| 000 -LEADER | |
|---|---|
| fixed length control field | 00981 a2200205 4500 |
| 003 - CONTROL NUMBER IDENTIFIER | |
| control field | NUST |
| 005 - DATE AND TIME OF LATEST TRANSACTION | |
| control field | 20221116123147.0 |
| 010 ## - LIBRARY OF CONGRESS CONTROL NUMBER | |
| LC control number | 72014370 |
| 020 ## - INTERNATIONAL STANDARD BOOK NUMBER | |
| International Standard Book Number | 0871501449 |
| 040 ## - CATALOGING SOURCE | |
| Transcribing agency | Nust |
| 082 00 - DEWEY DECIMAL CLASSIFICATION NUMBER | |
| Classification number | 512.9,PET |
| 100 1# - MAIN ENTRY--PERSONAL NAME | |
| Personal name | Peterson, John M., |
| 9 (RLIN) | 102671 |
| 245 10 - TITLE STATEMENT | |
| Title | Intermediate algebra / |
| Statement of responsibility, etc. | John M. Peterson, Floyd E. Haupt. |
| 260 ## - PUBLICATION, DISTRIBUTION, ETC. | |
| Place of publication, distribution, etc. | Boston, |
| Name of publisher, distributor, etc. | Prindle, Weber & Schmidt |
| Date of publication, distribution, etc. | [1973] |
| 300 ## - PHYSICAL DESCRIPTION | |
| Extent | viii, 390 p.: |
| Other physical details | illus. |
| Dimensions | 25 cm. |
| 505 ## - FORMATTED CONTENTS NOTE | |
| Formatted contents note | Sets and Number (Page-1), Exponents ,Roots and Radical(Page-45), Polynomials and Factoring (Page-75), Rational Algebraic Expressions (Page-11), First) Degree Equations and Inequalities (Page-147), Higher Degree Equations and Inequalities (Page-171), Reactions , Functions, and Graphs (Page-203), Systems Of Equation (Page-255), Exponential and Logarithmic Functions (Page-289), Sequences. Series and the Binomial Theorem(Page-333). |
| 650 #0 - SUBJECT ADDED ENTRY--TOPICAL TERM | |
| Topical term or geographic name entry element | Algebra. |
| 9 (RLIN) | 8509 |
| 700 1# - ADDED ENTRY--PERSONAL NAME | |
| Personal name | Haupt, Floyd E., |
| 9 (RLIN) | 102672 |
| 942 ## - ADDED ENTRY ELEMENTS (KOHA) | |
| Source of classification or shelving scheme | |
| Koha item type | Book |
| Call number prefix | 512.9,PET |
| Withdrawn status | Lost status | Source of classification or shelving scheme | Damaged status | Not for loan | Permanent Location | Current Location | Shelving location | Date acquired | Full call number | Barcode | Date last seen | Price effective from | Koha item type | Public note |
|---|---|---|---|---|---|---|---|---|---|---|---|---|---|---|
| Military College of Signals (MCS) | Military College of Signals (MCS) | General Stacks | 12/12/2016 | 512.9,PET | MCS7226 | 12/08/2016 | 12/12/2016 | Book | Almirah No.82, Shelf No.3 | |||||
| Military College of Signals (MCS) | Military College of Signals (MCS) | General Stacks | 12/12/2016 | 512.9,PET | MCS7227 | 12/08/2016 | 12/12/2016 | Book | Almirah No.11, Shelf No.5 |
